Statistics for Hetalia Character Quiz

Click here to take the quiz!

General Stats

  • This quiz has been taken 2,525 times
    (2,458 since last reset)
  • The average score is 12 of 15

Answer Stats

Hint Answer % Correct
"Pastaaaaaaa!"Italy
100%
"ITALYYYY!"Germany
99%
"I agree with Amer-"Japan
95%
"Kolkolkolkolkolkolkolkolkolkol,"Russia
94%
"You guys should do something about those ugly clothes and change it like mine,"France
91%
"Japan gave me this adorable kitty!Soo cuuuttee!"China
90%
"The AWESOME ME is here!!!"Prussia
90%
"Go away potato b#st#rd!"Romano
89%
"You're like a Italy #2!"England
86%
"I wonder when it will be my turn..."Canada
84%
"Fhwktbcnmdskpmgg"America
81%
"We will not have pasta for dinner!You idiot!"Austria
74%
"We won't have pasta for dinner?Noooooo!"Chibitalia
44%
"Wait!You mean you never did #@$ on the road?!Then you must be a Saint!"Rome
41%
"I wish she is more bashful about this,does she not recognize me as a man?"Holy Roman Empire
39%

Score Distribution

Percentile by Number Answered

Percent of People with Each Score

Your Score History

You have not taken this quiz since the last reset